Estatísticas para Países com Mais Prêmios Nóbeis Per Capita

Clique aqui para jogar o quiz

Estatísticas Gerais

  • Esse quiz foi jogado 2 350 vezes
  • A pontuação média é 12 de 20

Estatísticas das Respostas

por mi.País% Correto
1,17Estados Unidos
95%
1,32Alemanha
86%
1,07França
84%
1,94Reino Unido
78%
3,01Suécia
78%
3,28Suíça
75%
2,43Noruega
74%
0,902Finlândia
70%
2,43Dinamarca
65%
1,17Países Baixos
63%
2,51Áustria
61%
0,870Bélgica
61%
1,46Irlanda
55%
2,96Islândia
52%
3,39Luxemburgo
51%
1,34Hungria
44%
11,1Santa Lúcia
41%
1,42Israel
32%
0,841Chipre
16%
1,51Timor-Leste
8%

Distribuição das Pontuações

Percentil de Números Respondidos

Porcentagem de Pessoas com Cada Pontuação

Sua Pontuação Histórica

Você não jogou esse quiz